Quizzes
Events
Quiz Creation
Community
Videos
Private Events
Remove Ads
Sign In
Join for FREE
Feedback
Dark Mode
Quiz Categories
Sports
Geography
Music
Movies
Television
Just For Fun
Miscellaneous
History
Literature
Language
Science
Gaming
Entertainment
Religion
Holiday
For Kids
Quiz Lab
Recent
Popular Today
Quiz Kudos Today
Editor Picks
Curator Picks
Quizzes by...
Day
Popularity
Type
Ratings
Length
Year
Community
Subscriptions
Recent Discussions
Orange Saloon
Badges
Playlists
Quests
Create
Leaderboards
Showdown
Live 5
Trivia Bingo
Activity
Puzzle Library
Sporcle Events
Private Events
Virtual Trivia
Globe League
Become a Host
Pub Owners
SporcleCon
Opinionation
Our Games
Videos
Blog
Mobile Apps
Partnerships
Remove Ads and Go Orange
Feedback
Music
Pop Music
The Beatles
Song
Album
Lyrics
Bands
Singers
Artist
Clip
Rock
Rap
Classical
Billboard
Country Music
Kpop
Taylor Swift
Music
Pop Music
The Beatles
Song
Album
Lyrics
Bands
Singers
Artist
Clip
Rock
Rap
Classical
Billboard
Country Music
Kpop
Taylor Swift
Random Quiz
Search Sporcle
×
Quiz Lab
Quiz Lab
Music
Lyrics
Type in answers that appear in a list
Type in answers that appear in a list
Classic
Best Score? Go Orange.
Name the lyrics to this Patent Pending song Stats
Can you name the lyrics to this Patent Pending song?
By
wernid19
13m
226 Questions
108 Plays
108 Plays
108 Plays
Comments
Comments
Give Quiz Kudos
Give Quiz Kudos
-
- Ratings
hide this ad
More Info
Replay
Link that replays current quiz
Next Quiz
Link to next quiz in quiz playlist
You Got
0%
They Got
Avg Score
28%
Avg Friend Score
Upgrade to see
Score Distribution
Jump to the score distribution portion of the page
Score
0/226
Timer
13:00
0
Plays Today
% Correct
I'll
65.7%
you
64.8%
you
64.8%
you
64.8%
you
64.8%
the
63.9%
the
63.9%
the
63.9%
the
63.9%
the
63.9%
the
63.9%
the
63.9%
the
63.9%
do
60.2%
me
57.4%
me
57.4%
I
54.6%
I
54.6%
I
54.6%
I
54.6%
I
54.6%
I
54.6%
I
54.6%
I
54.6%
I
54.6%
I
54.6%
I
54.6%
we
53.7%
we
53.7%
She
51.9%
She
51.9%
she
51.9%
she
51.9%
she
51.9%
she
51.9%
Then
46.3%
to
45.4%
to
45.4%
to
45.4%
go
44.4%
go
44.4%
can
44.4%
love
42.6%
love
42.6%
and
41.7%
a
41.7%
no
41.7%
No
41.7%
no
41.7%
No
41.7%
no
41.7%
and
41.7%
and
41.7%
and
41.7%
And
41.7%
And
41.7%
And
41.7%
a
38.9%
a
38.9%
a
38%
a
38%
So
37%
into
37%
my
36.1%
my
36.1%
my
36.1%
my
36.1%
my
36.1%
her
35.2%
her
35.2%
her
35.2%
her
35.2%
her
35.2%
on
35.2%
when
35.2%
when
35.2%
% Correct
when
35.2%
was
33.3%
can't
33.3%
can't
33.3%
let
32.4%
let
32.4%
Don't
32.4%
Don't
32.4%
that
30.6%
that
30.6%
time
29.6%
for
29.6%
says
28.7%
Like
28.7%
Like
28.7%
if
27.8%
if
27.8%
know
27.8%
Well
27.8%
I'm
26.9%
allows
26.9%
of
25.9%
just
25.9%
take
25.9%
just
25.9%
just
25.9%
take
25.9%
take
25.9%
of
25.9%
why
25%
Make
24.1%
up
24.1%
won't
24.1%
won't
24.1%
won't
24.1%
up
24.1%
how
24.1%
Now
23.1%
Now
23.1%
now
23.1%
say
23.1%
'em
22.2%
you're
22.2%
we'll
20.4%
fail
20.4%
I'll
19.4%
at
19.4%
I'll
19.4%
I'll
19.4%
I'll
19.4%
I'll
19.4%
I'll
19.4%
never
18.5%
heart
18.5%
two
17.6%
she's
17.6%
She's
17.6%
She's
17.6%
back
17.6%
away
17.6%
away
17.6%
wait
17.6%
wait
17.6%
wait
17.6%
two
17.6%
wait
17.6%
door
16.7%
light
16.7%
door
16.7%
still
16.7%
forever
16.7%
forever
16.7%
Whoa eh oh eh oh
16.7%
Whoa eh oh eh oh
16.7%
Whoa eh oh eh oh
16.7%
forever
16.7%
% Correct
Whoa eh oh eh oh. Whoa oh
16.7%
Whoa eh oh eh oh
16.7%
done
16.7%
Whoa eh oh eh oh
16.7%
packed
15.7%
foot
15.7%
outside
15.7%
outside
15.7%
outside
15.7%
world
15.7%
could
15.7%
could
15.7%
turn
15.7%
feet
15.7%
day
15.7%
world
15.7%
bags
14.8%
leavin'
14.8%
things
14.8%
s'posed
14.8%
leavin'
14.8%
leavin'
14.8%
leavin'
14.8%
leavin'
14.8%
weeks
13.9%
ago
13.9%
steps
13.9%
list
13.9%
bridge
13.9%
baby
13.9%
step
13.9%
breath
13.9%
left
13.9%
head
13.9%
hit
13.9%
chorus
13.9%
left
13.9%
always
13.9%
night
13.9%
chorus
13.9%
build
13%
shines
13%
black
13%
sky
13%
believin'
12%
Look
12%
believin'
12%
ask
12%
stay
12%
side
12%
Stack
11.1%
forget
11.1%
ghost
11.1%
dark
11.1%
morning
11.1%
into
11.1%
Jet
10.2%
who's
10.2%
floor
10.2%
question
10.2%
catch
10.2%
these
10.2%
there's
10.2%
nothing
10.2%
challenge
9.3%
bay
9.3%
toward
9.3%
nights
9.3%
screamin'
9.3%
turns
9.3%
Pass
8.3%
splits
8.3%
While
6.5%
praise
5.6%
Quiz Playlist
Details
Report
Send in Message
Add To Playlist
More Info:
Make sure you type the word chorus for one of the answers. Also remember to use a space after the words 'a' and 'I'
Classic:
Type in answers that appear in a list
Last Updated: Feb 16, 2017
Quiz Scoreboard
CHALLENGE
Sign Up to Join the Scoreboard
Show All
Scores
Hide
Comments
May contain spoilers
Recently Published
Street Fighter Characters
by Artimus82
Gaming
60s
9x9 Crossword: Cartoon Network
by jackfrog10
Miscellaneous
3m
College Basketball Coaching Resumes
by pancakes188
Sports
9m
More to Explore
Quiz From the Vault
Featured Blog Post
Where Did the Easter Bunny Come From?
hide this ad
You Might Also Like...
Tags
Bands Quiz
Lyrics Quiz
blink-182
patent
Today's Top Quizzes in Music
Browse Music
hide this ad
Today's Top Quizzes in Lyrics
Browse Lyrics
Top Contributed Quizzes in Music
1
Taylor Swift All Songs (2024)
2
Guess the Artist- 70s Songs
3
7-to-1: Billboard Hot 100 #1 Hits of 2010s
4
Taylor Swift Logic Puzzle
5
Sorting Albums and Songs
6
KPOP LOGIC QUIZ
7
Guess the Taylor Swift song (Mystery Song)
8
Guess The Taylor Swift Lyrics Song #1
9
Billboard Blitz: ABBA
10
Billboard Blitz: The Beatles
Explore More
Trending Topics
Anime
Harry Potter
Kpop
NBA
Crossword
Marvel
Disney
WWE
Country
Soccer
Pokémon
Song
The Office
NFL
Puzzle
hide this ad
More By:
wernid19
Quiz
Plays
Rating
Category
Featured
Created
'Good Riddance (Time of Your Life)' Lyrics
69,879
4.54
Music
Feb 13, 2012
Star Wars KotOR II Force Powers
231
5.00
Gaming
Nov 30, 2011
Zelda Bosses by In Game Description/Title
116
4.50
Gaming
Nov 30, 2011
Name the lyrics to this Patent Pending song
108
4.00
Music
Feb 9, 2012
ZMiX Medley
12
Music
Apr 11, 2012
Go to Creator's Profile
Score Distribution
Quiz Creator Spotlight
wernid19
Follow
Send a Message
Quizzes Created
-
Created Quiz Play Count
-
More By This Creator
Popular Quizzes Today
1
Find the US States - No Outlines Minefield
2
Find the Countries of Europe - No Outlines Minefield
3
The Countries of the World
4
Find the US States
5
Risky Map Clicking: Biggest States A-Z
6
US States
7
Popular People in 1961
8
Movies - When Are They Set?
More Music Quizzes
UK Bands Spelling Bee
Published
Trending Quizzes
Risky Map Clicking: Least Populous States A-Z
1-10 Letter G Words
Risky Map Clicking: Next State Alphabetically
Adjectives in 80s TV Shows
The Seven Year Switch: Catherine
Recently Updated
Leaping Animals
pecheneg
Reality TV Shows (A-Z)
bhenderson79
Rickey Henderson's Hall of Fame Teammates
pecheneg
Champions League XIs: Arsenal
pecheneg
Quick Pick: Celebrities in WWE's Hall of Fame
aduchscher
A-Z Keypad Blitz II
pecheneg
Multiple Oscar Actors
pecheneg
Mystery Phrase Blitz: Oscar 'Best Actors'
pecheneg
F. Scott Fitzgerald Novels
LTH
Pick 3 Villains
ddd62291
Trending Topics
Anime
Harry Potter
Crossword
Kpop
Disney
Marvel
NBA
Soccer
The Office
NFL
Country
Puzzle
Pokémon
WWE
Song
Your Account Isn't Verified!
In order to create a playlist on Sporcle, you need to verify the email address you used during registration. Go to your
Sporcle Settings
to finish the process.
Report this User
Report this user for behavior that violates our
Community Guidelines
.
Details:
Send Report
Go to the Sporcle.com Mobile Site →
Comments